000 00979nam a22003257a 4500
001 0003846
003 KOHA_MİRAKIL
005 20260207001350.0
007 ta
008 090415b2002 tu |||gr||||#0|||0|tur |
020 _a9756614056
040 _aTR-BiSEU
_btur
_cTR-BiSEU
_erda
041 0 _atur
044 _ctu
050 _aDR477
_b.B83 2002
100 1 _aBudak, Mustafa.
245 1 _aİdealden gerçeğe :
_bMisâk-ı Millî'den Lozan'a dış politika/
_cMustafa Budak ; Mustafa Budak.
264 1 _aİstanbul :
_bKüre Yayınları,2002
_c2002
300 _aXVII, 588 sayfa: harita
336 _ametin
_btxt
_2rdacontent
337 _aaracısız
_bn
_2rdamedia
338 _acilt
_bnc
_2rdacarrier
490 1 _aBSV kitaplığı ;
_v5.
490 1 _aTürkiye araştırmaları ;
_v2
500 _aKaynakça ve dizin var.
830 1 _aBSV kitaplığı ;
_v5.
_96356
830 1 _aTürkiye araştırmaları ;
_v2
_99376
907 _aTarih
942 _2lcc
_cBK
999 _c3830
_d3830